Spell the Marvel Hero #14 - Statistics

General Stats
  • This quiz has been taken 21 times
  • The average score is 7 of 9
Answer Stats
Picture Answer % Correct
Iron Man
100%
Nightcrawler
95%
Rocket Raccoon
95%
Silk
95%
Domino
75%
Omega
75%
Songbird
75%
Genis-Vell
70%
Blink
45%
No matching quizzes found
Score Distribution
Percent of People with Each Score
Percentile by Number Answered
Your Score History
You have not taken this quiz